000 00361nam a22001337a 4500
003 OSt
008 140122b xxu||||| |||| 00| 0 eng d
100 1 _aSchneider, Jeffrey
041 _aeng
245 1 0 _a"Mosaic" collection of Hong Kong and Asian mails
260 _aHong Kong
_bInterasia Auctions Limited
300 _a55 pages
650 0 _aChina -- Auction catalogs
999 _c367
_d367